01318cam a2200289Mc 4500001001300000005001700013008004100030010001700071020001800088020001500106020001800121020001500139020001800154020001500172035002100187040004400208041000800252100002000260245009900280260005900379300001800438520044600456546002200902650003600924650002400960650004400984ocn99421736020181122144853.0181122s2017 enk b 001 0 eng d a 2017029440 z9780226340661 z022634066X a9780226340838 z022634083X z9780226340975 z022634097X a(OCoLC)994217360 aCo-BoUCMbspacSaul NiñodSaul Niño0 aeng1 aLee, Ching Kwan14aThe specter of global Chinabpolitics, labor, and foreign investment in AfricacChing Kwan Lee aLondonaChicagobThe University of Chicago Pressc2017 a209 páginas aUnnatural capital: Chinese state investment and its travails in Africa -- Varieties of accumulation: profit maximization and beyond -- Labor bargains: regimes of exploitation and exclusion -- Managerial ethos: collective asceticism versus individual careerism -- Contesting capital: aspiration and capacity from below -- Eventful global China -- Appendix: an ethnographer's odyssey: the mundane and the sublime of researching China in Zambia aTexto en inglés 7aInversiones extranjeras zChina 7aCapitalismo zChina 7aAfricaxCondiciones económicaszChina